000 00314nam a2200133Ia 4500
008 221030s9999 xx 000 0 und d
082 _a105.23
_bSin
100 _aB. Singh
245 0 _aEngineering Mathrematics 1
260 _bMalhotra Brothers
_aJammu
_c2014
300 _a502
650 _aMath
942 _cBK
_2ddc
999 _c3754
_d3754